[Event "XV C.to Mondiale seniores"]
[Site "Lignano Sabbiadoro ITA"]
[Date "2005.09.29"]
[Round "2"]
[White "Asmundsson, Ingvar"]
[Black "Siegmund, Rainer"]
[Result "1/2-1/2"]
[WhiteElo "2299"]
[BlackElo "2128"]
[PlyCount "45"]
[EventDate "2005.09.28"]

1. e4 c5 2. Nf3 Nc6 3. Bb5 g6 4. O-O Bg7 5. c3 Nf6 6. Qe2 O-O 7. Rd1 d5 8. e5
Ne8 9. h3 Nc7 10. Ba4 Rb8 11. d4 b5 12. Bc2 c4 13. b3 Bd7 14. Be3 Qc8 15. Nh4
f6 16. f4 f5 17. Nd2 e6 18. g4 Qd8 19. g5 Be8 20. Nhf3 Na8 21. b4 Nb6 22. Rf1
Ra8 23. Rfb1 1/2-1/2

[Event "XV C.to Mondiale seniores"]
[Site "Lignano Sabbiadoro ITA"]
[Date "2005.09.29"]
[Round "2"]
[White "Badiale, Riccardo"]
[Black "Pagnutti, Lorenzo"]
[Result "0-1"]
[WhiteElo "1729"]
[BlackElo "2014"]
[PlyCount "68"]
[EventDate "2005.09.28"]

1. d4 Nf6 2. c4 g6 3. Nc3 Bg7 4. e4 O-O 5. Nf3 d6 6. Be2 e5 7. O-O Nbd7 8. d5
a5 9. Nd2 Nc5 10. f3 Bd7 11. a4 Nh5 12. Nb3 Nxb3 13. Qxb3 b6 14. Be3 Nf4 15.
Rf2 f5 16. Bf1 Nh5 17. Rc2 Rf7 18. Nb5 Bf8 19. Qd3 g5 20. Qd2 f4 21. Bf2 g4 22.
Qe1 Be7 23. Be2 Nf6 24. Ra3 Rg7 25. Bd1 h5 26. Kh1 Nh7 27. g3 Bg5 28. Rd3 Bc8
29. Nc3 Bd7 30. Nb5 Bf6 31. gxf4 exf4 32. Bd4 Be5 33. Bxe5 dxe5 34. Rg2 g3 0-1

[Event "XV C.to Mondiale seniores"]
[Site "Lignano Sabbiadoro ITA"]
[Date "2005.09.29"]
[Round "2"]
[White "Barlo, Werner"]
[Black "Jacob, Konrad"]
[Result "1/2-1/2"]
[WhiteElo "1876"]
[BlackElo "2049"]
[PlyCount "38"]
[EventDate "2005.09.28"]

1. d4 f5 2. c4 c6 3. Nc3 Nf6 4. Nf3 e6 5. e3 Be7 6. Bd3 d5 7. O-O O-O 8. b3 Ne4
9. Bb2 Bd7 10. Ne5 Be8 11. f3 Nxc3 12. Bxc3 Nd7 13. Nxd7 Qxd7 14. Qe2 Bh5 15.
Qc2 Bg6 16. Rae1 Rf6 17. e4 fxe4 18. fxe4 Raf8 19. Rxf6 Bxf6 1/2-1/2

[Event "XV C.to Mondiale seniores"]
[Site "Lignano Sabbiadoro ITA"]
[Date "2005.09.29"]
[Round "2"]
[White "Bernhoeft, Erhard"]
[Black "Keserovic, Milan"]
[Result "1/2-1/2"]
[WhiteElo "2079"]
[BlackElo "2232"]
[PlyCount "105"]
[EventDate "2005.09.28"]

1. c4 c5 2. Nc3 Nc6 3. g3 g6 4. Bg2 Bg7 5. Nf3 e6 6. e4 Nge7 7. O-O O-O 8. d3
d5 9. Rb1 h6 10. Qe2 b6 11. Bf4 Bb7 12. Nb5 g5 13. Bd6 a6 14. Bxe7 Nxe7 15. Na3
Nc6 16. Nc2 a5 17. h4 Re8 18. hxg5 hxg5 19. Qe3 Bh6 20. Rbe1 Kg7 21. Nh2 dxc4
22. dxc4 Nd4 23. Qc3 Kg8 24. Ne3 Bg7 25. Qc1 f5 26. exf5 Bxg2 27. Kxg2 exf5 28.
Nd5 Rxe1 29. Rxe1 Ra7 30. Qe3 b5 31. b3 Rf7 32. Qe8+ Qxe8 33. Rxe8+ Kh7 34. Nf3
Nxf3 35. Kxf3 bxc4 36. bxc4 Rb7 37. Re7 Rb2 38. Ne3 Kg6 39. Re6+ Kf7 40. Rd6 f4
41. gxf4 gxf4 42. Ng4 Rxa2 43. Kxf4 Rc2 44. Kf5 Rxc4 45. Rd7+ Kf8 46. f3 a4 47.
Ra7 Bb2 48. Ne3 Rd4 49. Ke6 a3 50. Nf5 Rd8 51. Rf7+ Kg8 52. Ne7+ Kh8 53. Ng6+
1/2-1/2

[Event "XV C.to Mondiale seniores"]
[Site "Lignano Sabbiadoro ITA"]
[Date "2005.09.29"]
[Round "2"]
[White "Bondick, Karl-Heinz"]
[Black "Bue, Gunnar"]
[Result "1-0"]
[WhiteElo "2133"]
[BlackElo "1901"]
[PlyCount "63"]
[EventDate "2005.09.28"]

1. d4 Nf6 2. f3 d6 3. c4 g6 4. Nc3 Bg7 5. e4 O-O 6. Bg5 h6 7. Be3 Nc6 8. Bd3 e5
9. d5 Nd4 10. Nge2 c5 11. dxc6 Nxc6 12. Qd2 Kh7 13. O-O a6 14. Rad1 Be6 15. b3
Ne8 16. h3 f5 17. exf5 gxf5 18. Kh2 Ne7 19. g4 Ng6 20. Qc2 e4 21. Nxe4 Ne5 22.
N4g3 Nxd3 23. Qxd3 Kh8 24. Nf4 Bf7 25. Nxf5 Be5 26. Kg2 Bxf4 27. Bxf4 Bg6 28.
Qd4+ Kh7 29. Bxd6 Rxf5 30. gxf5 Bxf5 31. Rfe1 Qg5+ 32. Kh2 1-0

[Event "XV C.to Mondiale seniores"]
[Site "Lignano Sabbiadoro ITA"]
[Date "2005.09.29"]
[Round "2"]
[White "Cavatorta, Fosco"]
[Black "Rosino, Antonio"]
[Result "0-1"]
[WhiteElo "1985"]
[BlackElo "2285"]
[PlyCount "68"]
[EventDate "2005.09.28"]

1. Nf3 Nf6 2. g3 g6 3. Bg2 Bg7 4. O-O d5 5. d3 O-O 6. Nbd2 Nc6 7. e4 e5 8. c3
Re8 9. Qc2 a5 10. a4 b6 11. exd5 Nxd5 12. Nc4 Bf5 13. Re1 Qd7 14. Nfd2 Rad8 15.
Ne4 h6 16. Qe2 Be6 17. Bf1 Bh3 18. Bxh3 Qxh3 19. f3 Qd7 20. Nf2 Kh7 21. Bd2 Re6
22. Rad1 Rde8 23. Bc1 f5 24. Qf1 Nd8 25. Qh3 Qxa4 26. g4 fxg4 27. fxg4 Nf4 28.
Bxf4 exf4 29. Ne4 Rxe4 30. dxe4 Qxc4 31. g5 Qc5+ 32. Kg2 Qxg5+ 33. Kf3 Nf7 34.
Rg1 Qe5 0-1

[Event "XV C.to Mondiale seniores"]
[Site "Lignano Sabbiadoro ITA"]
[Date "2005.09.29"]
[Round "2"]
[White "Fotland, Hans Christian"]
[Black "Klundt, Klaus"]
[Result "0-1"]
[WhiteElo "2131"]
[BlackElo "2382"]
[PlyCount "86"]
[EventDate "2005.09.28"]

1. d4 Nf6 2. c4 e6 3. Nc3 d5 4. Bg5 Be7 5. e3 h6 6. Bh4 O-O 7. Nf3 b6 8. Bd3
Bb7 9. Qe2 Nbd7 10. O-O Ne4 11. Bxe7 Qxe7 12. Rac1 c5 13. Rfd1 Rac8 14. Nb5
dxc4 15. Bxc4 a6 16. Nc3 Nxc3 17. bxc3 b5 18. Bd3 Rfd8 19. Bb1 e5 20. e4 g6 21.
Qe3 Kg7 22. h3 f6 23. d5 Nb6 24. Bd3 Rc7 25. Nd2 Bxd5 26. exd5 Nxd5 27. Qe1 f5
28. Bf1 c4 29. Nf3 e4 30. Nh2 Rcd7 31. Rd4 Nf4 32. Rcd1 Rxd4 33. Rxd4 Rxd4 34.
cxd4 Qa3 35. Nf3 Nd5 36. Nd2 c3 37. Nxe4 Qe7 38. f3 fxe4 39. fxe4 c2 40. Bd3
Qb4 41. Qc1 Qxd4+ 42. Kh2 Ne3 43. Qa3 b4 0-1

[Event "XV C.to Mondiale seniores"]
[Site "Lignano Sabbiadoro ITA"]
[Date "2005.09.29"]
[Round "2"]
[White "Frank, Albert"]
[Black "Haupt, Joachim"]
[Result "1/2-1/2"]
[WhiteElo "2050"]
[BlackElo "1841"]
[PlyCount "38"]
[EventDate "2005.09.28"]

1. e4 c5 2. Nf3 Nc6 3. Bb5 Qb6 4. a4 a6 5. Bc4 g6 6. Nc3 Bg7 7. O-O e6 8. Re1
Nge7 9. d3 O-O 10. Bd2 d6 11. Qc1 Bd7 12. a5 Qc7 13. h3 Rfe8 14. Ne2 Ne5 15.
Nxe5 Bxe5 16. f4 Bg7 17. Nc3 Nc6 18. Ne2 Ne7 19. Nc3 Nc6 1/2-1/2

[Event "XV C.to Mondiale seniores"]
[Site "Lignano Sabbiadoro ITA"]
[Date "2005.09.29"]
[Round "2"]
[White "Gennari, Giuseppe"]
[Black "Rotelli, Pietro"]
[Result "0-1"]
[WhiteElo "1619"]
[BlackElo "2001"]
[PlyCount "68"]
[EventDate "2005.09.28"]

1. e4 c6 2. d4 d5 3. e5 Bf5 4. Bd3 Bxd3 5. Qxd3 e6 6. Be3 Qb6 7. b3 c5 8. dxc5
Bxc5 9. Bxc5 Qxc5 10. Nf3 Nc6 11. c3 Nge7 12. O-O O-O 13. Re1 Ng6 14. g3 Rac8
15. Nbd2 f6 16. b4 Qb6 17. exf6 Rxf6 18. Re2 Rcf8 19. Rae1 Nd8 20. Kg2 Kh8 21.
Qd4 Qc7 22. h4 Nc6 23. Qd3 Qf7 24. Rf1 e5 25. Ng5 Qg8 26. b5 e4 27. Qb1 Nce5
28. Ndxe4 dxe4 29. Qxe4 h5 30. Qa4 a6 31. c4 Nf3 32. Ne4 Re6 33. Re3 Qf7 34.
Qd1 Nge5 0-1

[Event "XV C.to Mondiale seniores"]
[Site "Lignano Sabbiadoro ITA"]
[Date "2005.09.29"]
[Round "2"]
[White "Gerenski, Hristo"]
[Black "Beltrami, Nerio"]
[Result "1-0"]
[WhiteElo "2192"]
[BlackElo "2045"]
[PlyCount "87"]
[EventDate "2005.09.28"]

1. d4 Nf6 2. c4 g6 3. Nc3 Bg7 4. e4 d6 5. f3 O-O 6. Nge2 c5 7. d5 b5 8. Nxb5 a6
9. Nbc3 Qa5 10. Bd2 Nbd7 11. Qc2 Qc7 12. Ng3 Nb6 13. Bd3 e6 14. O-O exd5 15.
exd5 Nfd7 16. Rae1 Ne5 17. b3 f5 18. Nge2 Qd8 19. Nf4 Qf6 20. Kh1 Re8 21. Re2
Bd7 22. Ree1 Qf7 23. Be2 Bf6 24. a4 Rab8 25. Na2 g5 26. a5 Na8 27. Ne6 Nc6 28.
dxc6 Bxe6 29. Bd3 Nc7 30. Nc3 Qg7 31. Nd5 Nxd5 32. Rxe6 Rxe6 33. cxd5 Re5 34.
Bxf5 Kh8 35. Be6 Re8 36. Qc4 Ra8 37. f4 gxf4 38. Bxf4 Rh5 39. Qe2 Rh4 40. g3
Rxf4 41. Rxf4 Be5 42. Rg4 Qh6 43. c7 c4 44. bxc4 1-0

[Event "XV C.to Mondiale seniores"]
[Site "Lignano Sabbiadoro ITA"]
[Date "2005.09.29"]
[Round "2"]
[White "Gestrich, Wolfgang"]
[Black "Luecke, Volkmar"]
[Result "0-1"]
[WhiteElo "1767"]
[BlackElo "2017"]
[PlyCount "48"]
[EventDate "2005.09.28"]

1. c4 Nf6 2. Nc3 g6 3. g3 Bg7 4. Bg2 c6 5. e4 e5 6. Nge2 d6 7. O-O O-O 8. d3
Be6 9. h3 Nbd7 10. f4 exf4 11. Bxf4 Qe7 12. Nd4 Nh5 13. Nxe6 fxe6 14. Qd2 Nxf4
15. Rxf4 Rxf4 16. Qxf4 Be5 17. Qe3 Qg7 18. Qe1 Rf8 19. Kh2 h5 20. h4 g5 21. Bh3
gxh4 22. Bxe6+ Kh8 23. Qe2 Rf2+ 24. Qxf2 hxg3+ 0-1

[Event "XV C.to Mondiale seniores"]
[Site "Lignano Sabbiadoro ITA"]
[Date "2005.09.29"]
[Round "2"]
[White "Giani, Franco"]
[Black "Barlocco, Carlo"]
[Result "1-0"]
[WhiteElo "2083"]
[BlackElo "2235"]
[PlyCount "137"]
[EventDate "2005.09.28"]

1. c4 Nf6 2. Nc3 c5 3. g3 e6 4. Bg2 d5 5. cxd5 exd5 6. d3 Nc6 7. Bg5 Be7 8. Qd2
Be6 9. Nf3 O-O 10. O-O h6 11. Bxf6 Bxf6 12. Rad1 Qa5 13. a3 Rfd8 14. Qc2 Rac8
15. e3 b5 16. Qb1 Qb6 17. Ne2 Bf5 18. e4 dxe4 19. dxe4 Be6 20. Nf4 Bb3 21. Nd5
Bxd5 22. Rxd5 Rxd5 23. exd5 Ne7 24. Rd1 Rd8 25. Ne1 Bd4 26. Nc2 Nxd5 27. Nxd4
cxd4 28. Qa2 Nc7 29. b4 Ne6 30. h4 Qc7 31. Bd5 Qe5 32. Bb3 Rc8 33. a4 a6 34.
axb5 axb5 35. Qa7 Rd8 36. Qb6 Rd6 37. Qb8+ Nf8 38. Qc7 Ne6 39. Qb8+ Kh7 40.
Bc2+ g6 41. Bd3 Rd5 42. Qb7 Kg7 43. Kf1 Rd8 44. Qf3 Rc8 45. Re1 Qf6 46. Qd5 Rc3
47. Rd1 Qe7 48. Qxb5 Rb3 49. Qe5+ Qf6 50. Qxf6+ Kxf6 51. b5 Ke5 52. Ke2 Kd5 53.
Rc1 Rb2+ 54. Kf3 Rb4 55. Ke2 Nc5 56. Bb1 Rb2+ 57. Kf3 Nb3 58. Be4+ Ke5 59. Rc2
Nd2+ 60. Ke2 Rxb5 61. Bd3 Ra5 62. Kxd2 g5 63. h5 f5 64. Rc6 f4 65. gxf4+ Kxf4
66. Rxh6 g4 67. Rh8 Kg5 68. h6 Kf6 69. Rf8+ 1-0

[Event "XV C.to Mondiale seniores"]
[Site "Lignano Sabbiadoro ITA"]
[Date "2005.09.29"]
[Round "2"]
[White "Ginsberger, Alexander"]
[Black "Hocevar, Nikola"]
[Result "1-0"]
[WhiteElo "2276"]
[BlackElo "2093"]
[PlyCount "69"]
[EventDate "2005.09.28"]

1. e4 c5 2. Nf3 Nc6 3. Nc3 g6 4. g3 Bg7 5. Bg2 d6 6. d3 Nf6 7. h3 Nd4 8. Nxd4
cxd4 9. Ne2 e5 10. O-O O-O 11. f4 Ne8 12. f5 d5 13. g4 Nd6 14. Ng3 dxe4 15.
Bxe4 Nxe4 16. Nxe4 f6 17. c4 Bd7 18. b4 Qe7 19. b5 a6 20. a4 axb5 21. cxb5 Rfd8
22. Ba3 Qf7 23. Bb4 gxf5 24. gxf5 Kh8 25. Qf3 Qd5 26. Be7 Rg8 27. Ng5 Qb3 28.
Rfb1 Qxb1+ 29. Rxb1 fxg5 30. f6 Bf8 31. f7 Bxe7 32. fxg8=Q+ Rxg8 33. Qxb7 Rd8
34. Rf1 Kg7 35. Qc7 1-0

[Event "XV C.to Mondiale seniores"]
[Site "Lignano Sabbiadoro ITA"]
[Date "2005.09.29"]
[Round "2"]
[White "Gousseinov, Aguif"]
[Black "Zelkind, Simeon"]
[Result "1-0"]
[WhiteElo "2066"]
[BlackElo "1868"]
[PlyCount "23"]
[EventDate "2005.09.28"]

1. e4 e5 2. Nc3 Nf6 3. Nf3 Bb4 4. Bc4 O-O 5. O-O d6 6. d3 Bg4 7. h3 Bxc3 8.
hxg4 Ba5 9. g5 Nfd7 10. Nh2 c6 11. Qh5 Kh8 12. Bxf7 1-0

[Event "XV C.to Mondiale seniores"]
[Site "Lignano Sabbiadoro ITA"]
[Date "2005.09.29"]
[Round "2"]
[White "Guaglianone, Mario"]
[Black "Spassov, Liuben D."]
[Result "0-1"]
[WhiteElo "2155"]
[BlackElo "2396"]
[PlyCount "90"]
[EventDate "2005.09.28"]

1. Nf3 Nf6 2. g3 b6 3. Bg2 Bb7 4. d4 c5 5. dxc5 bxc5 6. O-O g6 7. c4 Bg7 8. Nc3
O-O 9. Bd2 d6 10. Qc1 Re8 11. Ne1 Bxg2 12. Kxg2 Nc6 13. Nc2 Rb8 14. Rb1 Qd7 15.
f3 e6 16. Rd1 Ne5 17. b3 Qc6 18. Bh6 d5 19. Bxg7 Kxg7 20. Qf4 Ned7 21. Na3 d4
22. Ne4 e5 23. Qh4 Qa6 24. Nb5 Qxa2 25. Re1 Nxe4 26. Qxe4 Nf6 27. Qc6 e4 28. f4
Rec8 29. Qd6 a6 30. Na7 Rd8 31. Qxc5 Rxb3 32. Ra1 Qd2 33. Qa5 Qxa5 34. Rxa5 Rc3
35. Nc6 Rd6 36. Ne5 d3 37. exd3 exd3 38. Rd1 d2 39. Ra2 Ne4 40. Nf3 Rc1 41.
Rdxd2 Nxd2 42. Nxd2 f5 43. Kf2 h6 44. Ke2 Kf6 45. Ke3 g5 0-1

[Event "XV C.to Mondiale seniores"]
[Site "Lignano Sabbiadoro ITA"]
[Date "2005.09.29"]
[Round "2"]
[White "Gutzeit, Avraham"]
[Black "Somogyi, Istvan"]
[Result "0-1"]
[WhiteElo "2091"]
[BlackElo "2242"]
[PlyCount "72"]
[EventDate "2005.09.28"]

1. e4 c5 2. c3 d5 3. exd5 Qxd5 4. d4 Nc6 5. Nf3 Nf6 6. Be2 e6 7. O-O Be7 8. Na3
cxd4 9. Nb5 Qd8 10. cxd4 O-O 11. Bc4 a6 12. Nc3 b5 13. Bb3 Bb7 14. Be3 Nb4 15.
Ne5 Nbd5 16. Rc1 Rc8 17. Qd2 Bd6 18. Qe2 Nxc3 19. Rxc3 Rxc3 20. bxc3 Qc7 21.
Bd2 Ne4 22. Re1 Bxe5 23. dxe5 Rc8 24. Bf4 Qxc3 25. h4 Qc6 26. f3 Nc3 27. Qd3 a5
28. Rc1 b4 29. Kh2 Ba6 30. Qd6 Bc4 31. Bd2 Bd5 32. Bxc3 bxc3 33. Bxd5 exd5 34.
Rb1 h6 35. Rb8 Qxd6 36. Rxc8+ Qf8 0-1

[Event "XV C.to Mondiale seniores"]
[Site "Lignano Sabbiadoro ITA"]
[Date "2005.09.29"]
[Round "2"]
[White "Haug, Sverre"]
[Black "Titz, Herbert"]
[Result "1/2-1/2"]
[WhiteElo "1924"]
[BlackElo "2079"]
[PlyCount "65"]
[EventDate "2005.09.28"]

1. Nf3 d5 2. d4 Nf6 3. c4 e6 4. Nc3 Be7 5. Bg5 h6 6. Bh4 O-O 7. e3 Nbd7 8. Bd3
b6 9. Bxf6 Nxf6 10. O-O Bb7 11. Rc1 Rc8 12. Qe2 c5 13. Rfd1 dxc4 14. Bxc4 Qc7
15. Ba6 Qb8 16. Bd3 Rfd8 17. Bb1 cxd4 18. Rxd4 Rxd4 19. Nxd4 Bd6 20. h3 Be4 21.
Rd1 Bxb1 22. Rxb1 Bb4 23. Rc1 Nd5 24. Qd3 Nxc3 25. bxc3 Qd6 26. Qa6 Qd7 27. c4
Bd6 28. Nb3 Bc5 29. Qb5 Qd8 30. Qa6 Rc7 31. Qb5 Qg5 32. Rd1 Qe7 33. Rd2 1/2-1/2

[Event "XV C.to Mondiale seniores"]
[Site "Lignano Sabbiadoro ITA"]
[Date "2005.09.29"]
[Round "2"]
[White "Hecht, Hans-Joachim"]
[Black "Khazankin, Moisei"]
[Result "1-0"]
[WhiteElo "2388"]
[BlackElo "2139"]
[PlyCount "89"]
[EventDate "2005.09.28"]

1. d4 Nf6 2. c4 c5 3. d5 e5 4. Nc3 d6 5. e4 Be7 6. Bd3 Nbd7 7. Nf3 O-O 8. h3 a6
9. Qe2 Rb8 10. a4 Re8 11. Bd2 Nf8 12. b3 Ng6 13. g3 Bd7 14. Kf1 Qc8 15. Kg2 b6
16. Ne1 h6 17. Nc2 Nh7 18. h4 Bf6 19. Rab1 Nhf8 20. f3 Qd8 21. Qf2 Kh7 22. b4
Qc7 23. Be3 Kg8 24. Qd2 Rec8 25. Bf2 Qd8 26. Ne3 Ne7 27. Rb3 g6 28. Ng4 Bxg4
29. fxg4 Bg7 30. Be3 Kh7 31. Qf2 f6 32. g5 Ng8 33. Be2 Rc7 34. a5 bxa5 35. b5
Rcb7 36. Bg4 a4 37. Ra3 axb5 38. Nxb5 Ra8 39. Qc2 h5 40. Bh3 fxg5 41. hxg5 Rf7
42. Rxa4 Rxa4 43. Qxa4 Ne7 44. Qa6 Qb8 45. Ra1 1-0

[Event "XV C.to Mondiale seniores"]
[Site "Lignano Sabbiadoro ITA"]
[Date "2005.09.29"]
[Round "2"]
[White "Hicker, Harald"]
[Black "Scarpellini, Felice"]
[Result "1-0"]
[WhiteElo "2171"]
[BlackElo "1942"]
[PlyCount "63"]
[EventDate "2005.09.28"]

1. d4 Nf6 2. Nf3 e6 3. c4 d5 4. Nc3 Be7 5. Bg5 O-O 6. e3 b6 7. cxd5 exd5 8. Qc2
Bb7 9. Bd3 h6 10. Bh4 Nbd7 11. Bf5 c5 12. O-O-O a6 13. g4 b5 14. Bxf6 Nxf6 15.
g5 Ne4 16. gxh6 gxh6 17. Nxe4 dxe4 18. dxc5 Qc7 19. Rhg1+ Kh8 20. Bxe4 Bxe4 21.
Qxe4 Qxc5+ 22. Kb1 f5 23. Qe5+ Qxe5 24. Nxe5 Kh7 25. Rd7 Rae8 26. Rg6 Rg8 27.
Rxa6 Rg1+ 28. Kc2 Kg8 29. Rxh6 Bf8 30. Rg6+ Rxg6 31. Nxg6 Bh6 32. Ne7+ 1-0

[Event "XV C.to Mondiale seniores"]
[Site "Lignano Sabbiadoro ITA"]
[Date "2005.09.29"]
[Round "2"]
[White "Hohler, Peter"]
[Black "Gardi, Giuseppe"]
[Result "1-0"]
[WhiteElo "2228"]
[BlackElo "2099"]
[PlyCount "109"]
[EventDate "2005.09.28"]

1. d4 g6 2. c4 Bg7 3. e4 d6 4. Nc3 e5 5. Nf3 Nc6 6. d5 Nce7 7. Be2 f5 8. exf5
gxf5 9. Ng5 Nf6 10. Bh5+ Ng6 11. Nxh7 Nxh5 12. Qxh5 Kf7 13. Ng5+ Kf6 14. Qe2
Nf4 15. Bxf4 exf4 16. Ne6 Bxe6 17. Qxe6+ Kg5 18. O-O-O Qf6 19. Qxf6+ Bxf6 20.
Nb5 Rh7 21. Nd4 Kg6 22. Ne6 Be5 23. g3 fxg3 24. hxg3 c5 25. dxc6 Rxh1 26. Rxh1
bxc6 27. f4 Bf6 28. Rd1 Be7 29. Nd4 Rc8 30. Kc2 d5 31. Nf3 Bf6 32. Re1 dxc4 33.
Ne5+ Bxe5 34. Rxe5 Kf6 35. Rc5 Ke6 36. Re5+ Kf6 37. Rc5 Ke6 38. Kc3 Rg8 39.
Kxc4 Rxg3 40. Rxc6+ Kf7 41. Rc7+ Ke6 42. Rxa7 Rf3 43. Ra6+ Kd7 44. a4 Rxf4+ 45.
Kc5 Rf1 46. Rd6+ Kc7 47. Rf6 f4 48. a5 f3 49. Rf7+ Kd8 50. a6 Ke8 51. Rf4 Rc1+
52. Kb5 Rc2 53. b4 f2 54. a7 Ra2 55. Kb6 1-0

[Event "XV C.to Mondiale seniores"]
[Site "Lignano Sabbiadoro ITA"]
[Date "2005.09.29"]
[Round "2"]
[White "Ivanets, Vladimir"]
[Black "Weinwurm, Wolfgang"]
[Result "1-0"]
[WhiteElo "2290"]
[BlackElo "2127"]
[PlyCount "101"]
[EventDate "2005.09.28"]

1. b4 e5 2. Bb2 Bxb4 3. Bxe5 Nf6 4. Nf3 O-O 5. e3 d5 6. Be2 Re8 7. O-O c5 8. d3
Nc6 9. Bb2 Bf5 10. Nbd2 h6 11. Nb3 Na5 12. c3 Nxb3 13. axb3 Ba5 14. c4 dxc4 15.
bxc4 Bb6 16. Ne1 Qe7 17. Bf3 Rad8 18. Bxf6 gxf6 19. Bd5 Kh7 20. Qf3 Qe5 21. Rb1
Bc7 22. g3 Bh3 23. Ng2 b6 24. Bxf7 Re7 25. Bd5 f5 26. Qd1 Rxd5 27. cxd5 Qxd5
28. Nh4 Bxf1 29. Qxf1 Rd7 30. Rd1 a5 31. d4 c4 32. Qe2 Bd8 33. Ng2 b5 34. Nf4
Qf7 35. d5 Bf6 36. e4 Be5 37. Ne6 Kg8 38. f4 Bc3 39. e5 a4 40. Ng5 Qe8 41. e6
hxg5 42. Qf3 b4 43. exd7 Qxd7 44. d6 a3 45. fxg5 Kg7 46. Qe2 Kg6 47. Qxc4 Qa7+
48. Kg2 a2 49. Qe6+ Kg7 50. Qh6+ Kg8 51. d7 1-0

[Event "XV C.to Mondiale seniores"]
[Site "Lignano Sabbiadoro ITA"]
[Date "2005.09.29"]
[Round "2"]
[White "Jansa, Vlastimil"]
[Black "Jadrijevic, Ante"]
[Result "1-0"]
[WhiteElo "2511"]
[BlackElo "2174"]
[PlyCount "53"]
[EventDate "2005.09.28"]

1. e4 e6 2. d4 d5 3. Nd2 b6 4. Ngf3 Nf6 5. exd5 exd5 6. Ne5 Bb7 7. Bb5+ c6 8.
Bd3 Bd6 9. O-O O-O 10. Re1 c5 11. c3 c4 12. Bc2 Nbd7 13. Ndf3 h6 14. Bf4 Qc7
15. Nh4 Rfe8 16. Nf5 Rxe5 17. dxe5 Bxe5 18. Bxe5 Nxe5 19. h3 Ne4 20. Qd4 f6 21.
Re3 Rd8 22. Rae1 Nc6 23. Qd1 Qf4 24. Ne7+ Kf7 25. Nxc6 Qxf2+ 26. Kh1 Bxc6 27.
Bxe4 1-0

[Event "XV C.to Mondiale seniores"]
[Site "Lignano Sabbiadoro ITA"]
[Date "2005.09.29"]
[Round "2"]
[White "Joksic, Sinisa"]
[Black "Belokopyt, Boris"]
[Result "1-0"]
[WhiteElo "2282"]
[BlackElo "2111"]
[PlyCount "71"]
[EventDate "2005.09.28"]

1. d4 Nf6 2. Nf3 c5 3. c4 cxd4 4. Nxd4 Nc6 5. Nc3 e6 6. Ndb5 d6 7. Bf4 e5 8.
Bg5 a6 9. Na3 Be7 10. Nc2 h6 11. Bxf6 Bxf6 12. Nd5 O-O 13. g3 Bf5 14. Bg2 Qa5+
15. Nc3 Nd4 16. Ne3 Qb6 17. b3 Qa5 18. Rc1 Rab8 19. O-O Bg6 20. Ned5 Bg5 21. e3
Ne6 22. f4 exf4 23. gxf4 Bd8 24. f5 Bg5 25. fxg6 fxg6 26. h4 Rxf1+ 27. Bxf1 Bd8
28. b4 Qa3 29. Rb1 Nc5 30. bxc5 Qxc5 31. Qg4 Ba5 32. Ne4 Qa3 33. Qxg6 Kh8 34.
Rb3 Qc1 35. Nef6 gxf6 36. Nxf6 1-0

[Event "XV C.to Mondiale seniores"]
[Site "Lignano Sabbiadoro ITA"]
[Date "2005.09.29"]
[Round "2"]
[White "Kaminik, Aleksandar"]
[Black "Laco, Giuseppe"]
[Result "1/2-1/2"]
[WhiteElo "2278"]
[BlackElo "2104"]
[PlyCount "135"]
[EventDate "2005.09.28"]

1. d4 g6 2. c4 Bg7 3. Nc3 c5 4. d5 Bxc3+ 5. bxc3 f5 6. f3 Qa5 7. Bd2 Nf6 8. Nh3
e5 9. Nf2 d6 10. e4 f4 11. Qb3 Nbd7 12. a4 a6 13. Rb1 h6 14. Nd3 g5 15. g3 Nh5
16. gxf4 gxf4 17. Kd1 Rb8 18. Bh3 Kd8 19. Rg1 Kc7 20. Bg4 Nhf6 21. Be6 Rh7 22.
Rg6 Nh5 23. Bg4 Ndf6 24. Bxc8 Kxc8 25. Kc2 Kc7 26. Be1 Nd7 27. Bh4 Nb6 28. Nb2
Nc8 29. Rg8 Ne7 30. Rxb8 Kxb8 31. Nd3 Nc8 32. Rg1 Rg7 33. Rg4 Rxg4 34. fxg4 Ng7
35. Nb2 Qc7 36. Kd3 Qd7 37. Qd1 Nb6 38. h3 Ne8 39. Qb3 Nc8 40. Qd1 Kc7 41. Qf3
Qg7 42. Nd1 Nb6 43. Nb2 Nd7 44. Nd1 Nef6 45. Nf2 Nh7 46. Qh1 Ndf8 47. Nd1 Ng6
48. Bf2 Qd7 49. Nb2 Kb6 50. Qg2 Ng5 51. Qh1 f3 52. Bg3 Qf7 53. Nd1 Nf4+ 54.
Bxf4 Qxf4 55. Nf2 Ka5 56. Qg1 Nh7 57. h4 b6 58. Nh3 f2 59. Nxf2 Qf3+ 60. Kd2
Nf6 61. g5 hxg5 62. hxg5 Nh5 63. g6 Nf4 64. g7 Qe2+ 65. Kc1 Qa2 66. Qe1 Qa1+
67. Kd2 Qb2+ 68. Kd1 1/2-1/2

[Event "XV C.to Mondiale seniores"]
[Site "Lignano Sabbiadoro ITA"]
[Date "2005.09.29"]
[Round "2"]
[White "Kock, Hans-Uwe"]
[Black "Ollek, Karl Heinz"]
[Result "1-0"]
[WhiteElo "2127"]
[BlackElo "1807"]
[PlyCount "57"]
[EventDate "2005.09.28"]

1. d4 Nf6 2. c4 c5 3. d5 e5 4. Nc3 d6 5. e4 Be7 6. g3 O-O 7. Bg2 Nbd7 8. Nge2
a6 9. O-O Rb8 10. a4 Nb6 11. b3 Na8 12. Bd2 Bd7 13. Qc2 b5 14. axb5 axb5 15.
cxb5 Nc7 16. Rab1 Bxb5 17. Nxb5 Nxb5 18. b4 Qd7 19. bxc5 dxc5 20. Bc3 Nd4 21.
Bxd4 exd4 22. Nf4 g5 23. Nd3 Rxb1 24. Rxb1 Rc8 25. Qc4 Ra8 26. Ne5 Ra4 27. Rb8+
Kg7 28. Qc1 Qc7 29. Qxg5# 1-0

[Event "XV C.to Mondiale seniores"]
[Site "Lignano Sabbiadoro ITA"]
[Date "2005.09.29"]
[Round "2"]
[White "Kristiansen, Erling"]
[Black "Harito, Roberto"]
[Result "1-0"]
[WhiteElo "2266"]
[BlackElo "1733"]
[PlyCount "49"]
[EventDate "2005.09.28"]

1. e4 c6 2. Nc3 d5 3. Nf3 dxe4 4. Nxe4 Nd7 5. Bc4 e6 6. d4 Ngf6 7. Ng3 Be7 8.
O-O O-O 9. Qe2 Nd5 10. Re1 Re8 11. Bb3 Nf8 12. c4 Nf6 13. Bd2 Bd6 14. Rad1 Qc7
15. Bc3 Ng6 16. Ne5 Bd7 17. Nh5 Bxe5 18. dxe5 Nxh5 19. Qxh5 c5 20. Bc2 Nf8 21.
Bxh7+ Nxh7 22. Rd3 Bc6 23. Rh3 Kf8 24. Qxh7 g6 25. Rd1 1-0

[Event "XV C.to Mondiale seniores"]
[Site "Lignano Sabbiadoro ITA"]
[Date "2005.09.29"]
[Round "2"]
[White "Kummer, Heinz"]
[Black "Cesati Cassin, Giorgio"]
[Result "1-0"]
[WhiteElo "1998"]
[BlackElo "1419"]
[PlyCount "95"]
[EventDate "2005.09.28"]

1. e4 c5 2. Nf3 Nc6 3. d4 cxd4 4. Nxd4 g6 5. Nc3 Bg7 6. Be3 e6 7. Qd2 Nge7 8.
O-O-O O-O 9. f4 d5 10. Be2 dxe4 11. Nxe4 Nd5 12. Nxc6 bxc6 13. Bc5 f5 14. Nf2
Rf7 15. Bc4 a5 16. Nd3 Ba6 17. Bxa6 Rxa6 18. Rhe1 Qc8 19. Ne5 Rb7 20. c4 Bxe5
21. Rxe5 Kf7 22. Kb1 Rd7 23. cxd5 Rxd5 24. Qc2 Qd7 25. Rde1 a4 26. Ba3 Raa5 27.
Bb4 Ra8 28. Bc3 a3 29. b3 Rd8 30. Rxd5 Qxd5 31. Bb4 Qd3 32. Qxd3 Rxd3 33. Bxa3
Rd2 34. Rg1 Re2 35. Bb2 Ke7 36. a4 Kd7 37. Ka2 Kc7 38. Ka3 Kb6 39. h4 h5 40. g3
c5 41. Rd1 Ka5 42. Bc3+ Ka6 43. Rd3 Re4 44. Be5 Ka5 45. Rc3 Kb6 46. Bd6 c4 47.
Rxc4 Re3 48. Bc5+ 1-0

[Event "XV C.to Mondiale seniores"]
[Site "Lignano Sabbiadoro ITA"]
[Date "2005.09.29"]
[Round "2"]
[White "Ljubarskij, Juri"]
[Black "Schumacher, Helmut"]
[Result "1-0"]
[WhiteElo "2290"]
[BlackElo "2119"]
[PlyCount "103"]
[EventDate "2005.09.28"]

1. e4 e6 2. d4 d5 3. Nd2 Nf6 4. e5 Nfd7 5. c3 c5 6. Bd3 Nc6 7. Ne2 cxd4 8. cxd4
Qb6 9. Nf3 f6 10. exf6 Nxf6 11. O-O Bd6 12. Nc3 Bd7 13. Be3 O-O 14. Na4 Qa5 15.
Bd2 Qc7 16. Rc1 Be8 17. Nc5 Bxc5 18. Rxc5 Bh5 19. Be2 Ne4 20. Rc1 Nxd2 21. Qxd2
Qf4 22. Rfd1 Qxd2 23. Rxd2 Rf4 24. Ne5 Nxe5 25. dxe5 Bxe2 26. Rxe2 Rf7 27. g3
Rd7 28. f4 g6 29. Kf2 Kf7 30. Ke3 Ke7 31. Kd4 h5 32. b4 h4 33. g4 Rf8 34. Rf2
Kd8 35. a4 Rc7 36. Rxc7 Kxc7 37. f5 gxf5 38. gxf5 Rxf5 39. Rxf5 exf5 40. Kxd5
Kd7 41. e6+ Ke7 42. Ke5 f4 43. Kxf4 Kxe6 44. Kg4 Kd5 45. Kxh4 Kc4 46. Kg5 Kxb4
47. h4 Kxa4 48. h5 b5 49. h6 b4 50. h7 a5 51. h8=Q b3 52. Qc3 1-0